000 00354 a2200169 4500
001 183624
020 _a85-08-01803-7
040 _cMagnum
100 _aRey, Marcos
240 1 0 _aEnigma na televisão
_lpor
245 1 0 _aEnigma na televisão
300 _a128
362 0 _a2001
440 1 _aÁtica
697 _aLITERATURA JUVENIL
942 _cBK
999 _c183624
_d183624